| 000 | 01734cam a22003731ia4500 | ||
|---|---|---|---|
| 003 | SA-RiAUC | ||
| 005 | 20250713113847.0 | ||
| 008 | 250711s2001 ua g 000 0 ara c | ||
| 020 | _z9775274685 | ||
| 020 | _a9775274685 | ||
| 040 |
_aSA-RiIMS _bara _cSA-RiAUC _erda |
||
| 043 |
_aa-is--- _aawgz--- |
||
| 082 | 0 | 4 |
_a956.906 _qSA-RiAUC |
| 090 |
_a956.906 _bس و ا |
||
| 100 | 1 |
_aسواحل، وجدي عبد الفتاح _eمؤلف. |
|
| 245 | 1 | 0 |
_aحرب تكنولوجية لقمع الانتفاضة / _cوجدي عبد الفتاح سواحل. |
| 250 | _aالطبعة الأولى. | ||
| 264 | 1 |
_aالقاهرة : _bمركز الإعلام العربي، _c2001. |
|
| 300 |
_a5 مجلد ؛ _c20 سم. |
||
| 336 |
_aنص _btxt _2rdacontent _3كتاب |
||
| 337 |
_aبدون وسيط _bn _2rdamedia |
||
| 338 |
_aمجلد _bnc _2rdacarrier |
||
| 490 | 0 |
_aكتاب القدس ؛ _v5 |
|
| 520 | 2 | _aيتناول الكتاب بأسلوب علمي تثقيفي، الأسس والمخاطر والأساليب والممارسات الإسرئيلية لقمع انتفاضة الأقصى باستخدام تكنولوجيا الجينات والزرة وآلة الحرب القزرة. | |
| 650 | 7 |
_aالنزاع العربي الإسرائيلي _2aucsh |
|
| 650 | 7 |
_aالحرب الإلكترونية _2aucsh |
|
| 650 | 7 |
_aالأسلحة النووية _zإسرائيل _2aucsh |
|
| 650 | 7 |
_aالإنترنت _xجوانب سياسية _2aucsh |
|
| 651 | 7 |
_aإسرائيل _xسياسة عسكرية _2aucsh |
|
| 651 | 7 |
_aفلسطين _xتاريخ _yانتفاضة الأقصى، 2000- _2aucsh |
|
| 651 | 7 |
_aإسرائيل _xسياسة عسكرية _2aucsh |
|
| 942 |
_2ddc _cBOOK _n0 |
||
| 949 |
_aSA-JeALM _d250711 _uosman123 _n1 |
||
| 999 |
_c9871 _d9871 |
||